MBA in a nutshell

You can learn the nuts and bolts of an MBA using this step-by-step guide. It's all here-- the essentials of marketing, accounting, finance, and more-- presented in the most clear and comprehensible way possible.

Salvato in:
Dettagli Bibliografici
Autore principale: Sobel, Milo
Natura: Libro
Lingua:Undetermined
Pubblicazione: New York McGraw-Hill 2010
Soggetti:
Tags: Aggiungi Tag
Nessun Tag, puoi essere il primo ad aggiungerne! !
Thư viện lưu trữ: Trung tâm Học liệu Trường Đại học Cần Thơ
LEADER 00679nam a2200193Ia 4500
001 CTU_187164
008 210402s9999 xx 000 0 und d
082 |a 658 
082 |b S677 
100 |a Sobel, Milo 
245 0 |a MBA in a nutshell 
245 0 |c Milo Sobel 
260 |a New York 
260 |b McGraw-Hill 
260 |c 2010 
520 |a You can learn the nuts and bolts of an MBA using this step-by-step guide. It's all here-- the essentials of marketing, accounting, finance, and more-- presented in the most clear and comprehensible way possible. 
650 |a Management,Quản trị 
904 |i Giang 
980 |a Trung tâm Học liệu Trường Đại học Cần Thơ